Proceedings. (Record no. 77930)

MARC details
000 -LEADER
fixed length control field 00922cam a22002651 4500
001 - CONTROL NUMBER
control field sa 68001417
003 - CONTROL NUMBER IDENTIFIER
control field DLC
005 - DATE AND TIME OF LATEST TRANSACTION
control field 20260227112433.0
008 - FIXED-LENGTH DATA ELEMENTS--GENERAL INFORMATION
fixed length control field 710903s1953 ii af b 100 0 eng
010 ## - LIBRARY OF CONGRESS CONTROL NUMBER
LC control number sa 68001417
040 ## - CATALOGING SOURCE
Original cataloging agency DLC
Transcribing agency DLC
Modifying agency DLC
043 ## - GEOGRAPHIC AREA CODE
Geographic area code a-ii---
050 00 - LIBRARY OF CONGRESS CALL NUMBER
Classification number TP326.I5
Item number S9 1950
111 2# - MAIN ENTRY--MEETING NAME
Meeting name or jurisdiction name as entry element Symposium on Scientific Utilization of Coal in India,
Location of meeting Delhi,
Date of meeting or treaty signing 1950.
245 00 - TITLE STATEMENT
Title Proceedings.
260 ## - PUBLICATION, DISTRIBUTION, ETC.
Place of publication, distribution, etc. New Delhi,
Name of publisher, distributor, etc. National Institute of Sciences of India,
Date of publication, distribution, etc. 1953.
300 ## - PHYSICAL DESCRIPTION
Extent 140 p.
Other physical details illus., plates.
Dimensions 25 cm.
490 1# - SERIES STATEMENT
Series statement National Institute of Sciences of India. Bulletin,
Volume/sequential designation no. 2
500 ## - GENERAL NOTE
General note Cover title.
500 ## - GENERAL NOTE
General note Organized by the Council of the National Institute of India.
504 ## - BIBLIOGRAPHY, ETC. NOTE
Bibliography, etc. note Includes bibliographies.
650 #0 - SUBJECT ADDED ENTRY--TOPICAL TERM
Topical term or geographic name entry element Coal
Geographic subdivision India.
710 2# - ADDED ENTRY--CORPORATE NAME
Corporate name or jurisdiction name as entry element National Institute of Sciences of India.
830 #0 - SERIES ADDED ENTRY--UNIFORM TITLE
Uniform title Bulletin of the National Institute of Sciences of India ;
Volume/sequential designation no. 2.

No items available.

Powered by Koha